Pearl Jam - Ten Songs - Statistics

General Stats
  • This quiz has been taken 96 times
  • The average score is 8 of 11
Answer Stats
Length Song % Correct
4:53 Even Flow
95%
5:41 Alive
94%
5:43 Black
94%
5:18 Jeremy
92%
3:51 Once
76%
4:59 Garden
72%
2:42 Oceans
64%
3:30 Porch
62%
3:20 Why Go
62%
9:05 Release
60%
4:18 Deep
55%
No matching quizzes found
Score Distribution
Percent of People with Each Score
Percentile by Number Answered
Your Score History
You have not taken this quiz